[Event "Linares Anibal op"]
[Site "Linares"]
[Date "1999.01.10"]
[Round "3"]
[White "Nogueiras, Jesus"]
[Black "Konguveel, Ponnuswamy"]
[Result "1-0"]
[WhiteElo "2510"]
[BlackElo "2410"]

1.Nf3 Nf6 2.c4 g6 3.g3 Bg7 4.Bg2 O-O 5.O-O d5 6.d4 dxc4 7.Na3 c3 8.bxc3 c5
9.e3 Nc6 10.Qe2 Qa5 11.Bb2 Nd5 12.Rac1 Bg4 13.h3 Bxf3 14.Bxf3 Nb6 15.Rb1 Rad8
16.Bc1 cxd4 17.cxd4 e5 18.dxe5 Qxe5 19.Nb5 Qb8 20.Ba3 Rfe8 21.Rfd1 Be5 22.Rxd8 Rxd8
23.Bg2 Nd5 24.Rd1 Nc3 25.Nxc3 Bxc3 26.Rb1 Na5 27.Rc1 Be5 28.h4 b5 29.Be7 Re8
30.Bb4 Nc4 31.Bc6 Rc8 32.Bd5 Bd6 33.Be1 Qc7 34.h5 Qc5 35.e4 Be5 36.Qg4 Kg7
37.Qd7 Rc7 38.Qe8 gxh5 39.Rxc4 bxc4 40.Qxe5+ f6 41.Qe6 c3 42.Qg8+ Kh6 43.Qd8 Kg6
44.Bb3 h4 45.Kg2 hxg3 46.fxg3 Qc6 47.Bc2 Rb7 48.Qd3 Rb2 49.Kh3 Kg7 50.Bxc3 Rxa2
51.Bb3 Rf2 52.Qe3 Qc8+ 53.g4 Kg6 54.Qxf2 Qxc3+ 55.Qg3 Qc8 56.Qf3 h5 57.Kh4 Qc5
58.Qf5+ Qxf5 59.gxf5+ Kh6 60.Ba2 a5 61.Bb3  1-0

[Event "Nova Gorica op"]
[Site "Nova Gorica"]
[Date "1999.01.28"]
[Round "1"]
[White "Stantic, Severino"]
[Black "Atalik, Suat"]
[Result "0-1"]
[WhiteElo "2118"]
[BlackElo "2593"]

1.Nf3 Nf6 2.c4 g6 3.g3 Bg7 4.Bg2 O-O 5.O-O Nc6 6.Nc3 a6 7.d4 d6 8.e4 Bg4
9.Be3 Nd7 10.Qd2 e5 11.d5 Bxf3 12.Bxf3 Nd4 13.Bg2 c5 14.dxc6 bxc6 15.f4 Qa5
16.Rad1 Nb6 17.b3 Qxc3 18.Qxc3 Ne2+ 19.Kf2 Nxc3 20.Rd3 Nd7 21.f5 Nxa2 22.Rxd6 Nf6
23.Ke2 Rad8 24.Rxd8 Rxd8 25.Bd2 c5 26.Ra1 Nb4 27.Bxb4 cxb4 28.Rxa6 Nd7 29.fxg6 hxg6
30.Rd6 Bf8 31.Rd5 Be7 32.Bh3 Nc5 33.Rxe5 Bf8  0-1

[Event "Malaga op"]
[Site "Malaga"]
[Date "1999.02.06"]
[Round "4"]
[White "Diez Gonzalez, Pedro M"]
[Black "Ricardi, Pablo"]
[Result "0-1"]
[WhiteElo "2330"]
[BlackElo "2527"]

1.c4 Nf6 2.Nf3 g6 3.g3 Bg7 4.Bg2 O-O 5.O-O d6 6.Nc3 Nc6 7.d4 a6 8.h3 Rb8
9.Re1 e5 10.d5 Ne7 11.e4 Nd7 12.b4 h6 13.Bd2 f5 14.exf5 gxf5 15.Qc1 f4 16.gxf4 Ng6
17.fxe5 Ndxe5 18.Nxe5 Nxe5 19.Bxh6 Qh4 20.Bxg7 Bxh3 21.Ne4 Qg4 22.Ng3 Nf3+
23.Kh1 Bxg2+ 24.Kxg2 Nh4+ 25.Kf1 Rxf2+  0-1

[Event "HUN-ch (Women)"]
[Site "Lillafured"]
[Date "1999.02.07"]
[Round "7"]
[White "Csoke, Adrienn"]
[Black "Grabics, Monika"]
[Result "0-1"]
[WhiteElo "2184"]
[BlackElo "2329"]

1.Nf3 Nf6 2.c4 g6 3.g3 Bg7 4.Bg2 O-O 5.O-O d6 6.Nc3 e5 7.d3 Nc6 8.Rb1 a5
9.a3 h6 10.b4 axb4 11.axb4 Be6 12.b5 Ne7 13.Bb2 Qd7 14.Re1 Bh3 15.Bh1 Ng4
16.d4 exd4 17.Nxd4 Nf5 18.Nd5 Ne5 19.Qb3 Rae8 20.Rbd1 h5 21.Nf4 Nxd4 22.Bxd4 b6
23.Bc6 Nxc6 24.bxc6 Qc8 25.Qc3 Be5 26.Nd5 f6 27.f4 Bxd4+ 28.Qxd4 Kg7 29.e4 Be6
30.Ra1 Rf7 31.Nc3 Ree7 32.Nd5 Re8 33.Kf2 Rh8 34.h4 Qe8 35.Re3 Qxc6 36.Ra7 Ra8
37.Rea3 Rxa7 38.Rxa7 Qe8  0-1

[Event "Goodricke 10th op"]
[Site "Calcutta"]
[Date "1999.02.08"]
[Round "3"]
[White "Marin, Mihail"]
[Black "Prasenjit, Datta"]
[Result "1-0"]
[WhiteElo "2525"]
[BlackElo "2220"]

1.c4 Nf6 2.Nf3 g6 3.g3 Bg7 4.Bg2 O-O 5.O-O d5 6.d4 c6 7.b3 Ne4 8.Bb2 e6 9.Qc2 Nd7
10.Nc3 Nxc3 11.Bxc3 f5 12.Rad1 Re8 13.Bd2 a5 14.Bg5 Bf6 15.Bxf6 Qxf6 16.Rd2 Qe7
17.Qb2 a4 18.Rb1 Qb4 19.Rc2 axb3 20.axb3 Ra3 21.Ne1 Ra8 22.Nd3 Qa3 23.Qc3 Qd6
24.e3 Nf6 25.b4 Bd7 26.Ne5 Rec8 27.Qb3 Be8 28.Ra2 Nd7 29.Nd3 dxc4 30.Qxc4 Bf7
31.Rxa8 Rxa8 32.Qc3 Nf6 33.h3 Nd5 34.Qc5 Qxc5 35.bxc5 Ra7 36.g4 Kf8 37.Kh2 Ke7
38.Kg3 Nc3 39.Rb2 Nb5 40.Ne5 Be8 41.Kf4 Kf6 42.g5+ Ke7 43.Nc4 Ra4 44.Nb6 Ra1
45.h4 Ra5 46.Bf3 Bd7 47.Be2 Nc3 48.Ke5 Ra7 49.Bc4 Na4 50.Ra2 Nxb6 51.cxb6 Rxa2
52.Bxa2 Be8 53.Bb3 Bd7 54.Bc4 Bc8 55.Be2 Bd7 56.h5 Be8 57.hxg6 hxg6 58.Ba6 Kd7
59.Bxb7  1-0

[Event "Malaga op"]
[Site "Malaga"]
[Date "1999.02.08"]
[Round "6"]
[White "Diez Gonzalez, Pedro M"]
[Black "Komljenovic, Davor"]
[Result "0-1"]
[WhiteElo "2330"]
[BlackElo "2499"]

1.c4 Nf6 2.Nf3 g6 3.g3 Bg7 4.Bg2 O-O 5.O-O d6 6.Nc3 Nc6 7.d3 e5 8.Rb1 Bf5
9.Bg5 h6 10.Bxf6 Bxf6 11.Nd5 Bg7 12.b4 Qd7 13.b5 Nd8 14.Nd2 Bg4 15.Re1 f5
16.h3 Bh5 17.Qc2 g5 18.e3 Ne6 19.Nb3 g4 20.h4 Bg6 21.Nb4 Rab8 22.a4 Nc5 23.a5 f4
24.a6 f3 25.Bf1 Nxb3 26.Qxb3 c5 27.bxc6 bxc6 28.Qa4 Rb6 29.c5 dxc5 30.Nc2 Rfb8
31.Rbc1 Kh7 32.Na3 Qc8 33.Nc4 Rxa6 34.Qc2 Qe6 35.Ra1 Rxa1 36.Rxa1 Qe7 37.h5 Bxh5
38.Nxe5 Bxe5 39.d4+ Bg6 40.Bd3 cxd4 41.Bxg6+ Kg7 42.Rd1 Qd6  0-1

[Event "Malaga op"]
[Site "Malaga"]
[Date "1999.02.10"]
[Round "8"]
[White "Vassallo, Mauricio"]
[Black "Ricardi, Pablo"]
[Result "1-0"]
[WhiteElo "2381"]
[BlackElo "2527"]

1.Nf3 Nf6 2.c4 g6 3.g3 Bg7 4.Bg2 O-O 5.O-O d6 6.d4 c6 7.Nc3 Qa5 8.Qd2 Qa6
9.b3 b5 10.cxb5 cxb5 11.Qd3 b4 12.Ne1 bxc3 13.Bxa8 d5 14.Bf4 Bg4 15.f3 Bh3
16.Qxa6 Nxa6 17.Bb7 Bxf1 18.Kxf1 Nb8 19.Rc1 Nfd7 20.Be3 e5 21.dxe5 Nxe5 22.Bd4 Nec6
23.Bxg7 Kxg7 24.Bxc6 Nxc6 25.Rxc3 Ne7 26.Rc7 Nf5 27.Nc2 a5 28.g4 Nd6 29.Rd7 Nb5
30.Rxd5 Nc3 31.Rxa5 Rd8 32.Ne3 Rd2 33.Rc5 Nxa2 34.Rc2 Rxc2 35.Nxc2 Kf6 36.Ke1 Nc1
37.b4 Ke5 38.e3 Kd5 39.Kd2 Na2 40.Kd3 Nc1+ 41.Kc3 f5 42.gxf5 gxf5 43.f4 h5
44.b5 Kc5 45.Nd4 Na2+ 46.Kd2 Nb4 47.Ke2 Nd5 48.Nxf5 Kxb5 49.Kf3 Kc6 50.e4 Nb6
51.h4  1-0

[Event "Budapest FS02 IM"]
[Site "Budapest"]
[Date "1999.02.11"]
[Round "6"]
[White "Vadasz, Laszlo"]
[Black "Szeberenyi, Adam"]
[Result "1/2-1/2"]
[WhiteElo "2300"]
[BlackElo "2287"]

1.Nf3 Nf6 2.c4 g6 3.g3 Bg7 4.Bg2 O-O 5.O-O d5 6.cxd5 Nxd5 7.Nc3 Nb6 8.d3 Nc6
9.Bd2 Bf5 10.Nh4 Be6 11.Nf3 h6 12.Na4 Nd4 13.Nxd4 Qxd4 14.Nxb6 axb6 15.Bc3 Qd7  1/2-1/2

[Event "St Helier Tohmatsu op"]
[Site "St Helier"]
[Date "1999.02.17"]
[Round "4"]
[White "Farndon, David Alexander"]
[Black "Holt, Philip J"]
[Result "1-0"]
[WhiteElo "2263"]
[BlackElo "2260"]

1.Nf3 Nf6 2.c4 g6 3.g3 Bg7 4.Bg2 O-O 5.O-O d6 6.Nc3 e5 7.d3 Nc6 8.Rb1 a5
9.Bg5 h6 10.Bxf6 Bxf6 11.a3 Bg7 12.b4 axb4 13.axb4 Be6 14.b5 Na5 15.Qc2 c5
16.Nd2 Rc8 17.Nd5 b6 18.Rbd1 Bxd5 19.Bxd5 Qd7 20.e3 Kh7 21.Kg2 f5 22.h4 f4
23.Nf3 Nb7 24.Rh1 Nd8 25.Be4 h5 26.d4 Qe8 27.dxe5 dxe5 28.Rd6 Rf6 29.Rhd1 Ne6
30.Nxe5 fxe3 31.fxe3 Nd4 32.Bxg6+ Qxg6 33.Qxg6+ Rxg6 34.Nxg6 Nf5 35.Kf3 Nxd6
36.Rxd6 Ra8 37.Nf4 Ra4 38.Rxb6 Rxc4 39.Rc6 Rc3 40.Nd5 Rc1 41.b6 c4 42.b7 Be5
43.Re6 c3 44.Nxc3 Rxc3 45.Rxe5 Rb3 46.Re7+ Kg6 47.Ke4 Kf6 48.Rc7 Ke6 49.Rh7 Rb4+
50.Kd3 Kf6 51.Kc3 Rb1 52.Kd4 Ke6 53.Kc5 Rc1+ 54.Kb6 Rb1+ 55.Kc7 Rc1+ 56.Kd8 Rd1+
57.Kc8  1-0

[Event "Portuguese Masters"]
[Site "Caldas de Felgueira"]
[Date "1999.02.23"]
[Round "4"]
[White "Rodriguez, Luis"]
[Black "Ribeiro, Fernando"]
[Result "1-0"]
[WhiteElo "2155"]
[BlackElo "2286"]

1.Nf3 Nf6 2.c4 g6 3.g3 Bg7 4.Bg2 O-O 5.O-O d6 6.d4 c6 7.Nc3 Qa5 8.Re1 Qh5
9.b3 Bg4 10.Ba3 Nbd7 11.Rc1 Bh6 12.Rc2 Rfe8 13.Nd2 Bh3 14.Nf1 Ng4 15.e4 f5
16.f3 fxe4 17.fxg4 Bxg4 18.Qa1 d5 19.h3 Bxh3 20.Bxh3 Qxh3 21.Rh2 Qg4 22.Rxh6 Rf8
23.Rh4 Rxf1+ 24.Rxf1 Qxg3+ 25.Kh1 Qxh4+ 26.Kg2 Qg4+ 27.Kh2 e5 28.Qd1 Qh4+
29.Kg2 Qg5+ 30.Kh1 exd4 31.Qxd4 Ne5 32.cxd5 Qh4+ 33.Kg2 Qg4+ 34.Kh2 Qh4+
35.Kg2 Qg5+ 36.Kh1 Qh5+ 37.Kg2 Qg4+ 38.Kh2 Nf3+ 39.Rxf3 Qxf3 40.Nxe4 cxd5
41.Qxd5+ Qf7 42.Qe5 Rf8 43.Bxf8 Kxf8 44.Kg3 Qf1 45.Qh8+ Ke7 46.Qxh7+ Ke6
47.Qxg6+ Ke5 48.Qe8+ Kd4 49.Nf2 Qa6 50.Qh8+ Ke3 51.Qc3+ Ke2 52.Qc2+ Ke3 53.Ng4+ Kd4
54.Qb2+ Kd3 55.Nf2+ Ke3 56.Nd1+ Ke4 57.Kf2 Qb6+ 58.Ke2 Qb5+ 59.Kd2 Qg5+ 60.Kc2 Qa5
61.Nc3+ Kf3 62.Qc1 Qa6 63.Qd1+ Kf4 64.Qd4+ Kg5 65.b4 b6 66.Kb3 Qc8 67.Qg7+  1-0

[Event "BEL-chT9899"]
[Site "Antwerp"]
[Date "1999.02.??"]
[Round "7"]
[White "De Bruycker, Bernard"]
[Black "Lavrenov, Yuli"]
[Result "1-0"]
[WhiteElo "2105"]
[BlackElo "2110"]

1.Nf3 Nf6 2.c4 g6 3.g3 Bg7 4.Bg2 O-O 5.Nc3 d5 6.cxd5 Nxd5 7.O-O Nxc3 8.bxc3 c5
9.Rb1 Nd7 10.Qa4 a6 11.Ba3 Bf6 12.d4 b5 13.Rxb5 Nb6 14.Rxb6 Qxb6 15.Bxc5 Qb5
16.Qc2 Rb8 17.e4 Re8 18.Nd2 Bd7 19.Rb1 Qa4 20.Qxa4 Bxa4 21.Rxb8 Rxb8 22.e5 Bg7
23.Bxe7 Rb2 24.Bg5 h6 25.Be3 Rxa2 26.Bd5 Ra1+ 27.Kg2 a5 28.Ne4 Bc2 29.Nd6 a4
30.Bxf7+ Kh7 31.e6 Bf6 32.Ne8 Be7 33.Kf3 a3 34.d5 a2 35.d6 Bd1+ 36.Kg2 Bxd6
37.Nxd6 Rb1 38.e7 Rb8 39.Bxa2 Ba4 40.Bf7 Bc6+ 41.Kf1 Bf3 42.Bxg6+  1-0

[Event "Chess Masters 3rd"]
[Site "Enghien-les-Bains"]
[Date "1999.03.06"]
[Round "4"]
[White "Rausis, Igors"]
[Black "Tkachiev, Vladislav"]
[Result "1/2-1/2"]
[WhiteElo "2508"]
[BlackElo "2634"]

1.c4 Nf6 2.Nf3 g6 3.g3 Bg7 4.Bg2 O-O 5.O-O d6 6.Nc3 a6 7.d4 Nc6 8.b3 Rb8
9.a4 Bg4 10.Bb2 Qc8 11.Re1 Re8 12.d5 Nb4 13.Qd2 a5 14.Nd4 Bh3 15.Bh1 Nd7
16.Na2 Nxa2 17.Rxa2 Ra8 18.Bc3 Nc5 19.e3 e5 20.dxe6 Bxe6 21.Ra3 Bg4 22.Qc2 c6
23.Raa1 Qc7 24.Bg2 Qb6 25.h3 Bd7 26.g4 Red8 27.Rab1 Re8 28.Bf3 Qd8 29.Bg2 Rc8
30.Red1 Be5 31.Qd2 Ra8 32.Qc2 Qb6 33.Nf3 Bxc3 34.Qxc3 Rad8 35.Qd4 Bc8 36.Ng5 Qc7
37.Qf4 Qe7 38.Rd2 h6 39.Nf3 Ne4 40.Qxh6 Nxd2 41.Nxd2 Qe5 42.Rd1 Be6 43.Ne4 d5
44.f4 dxe4 45.fxe5 Rxd1+ 46.Kf2 Red8 47.Bxe4 R8d2+ 48.Kg3 Rg1+ 49.Kf4 Rh2
50.Bf3 Rf2 51.Qh4 Rgf1 52.Qd8+ Kh7 53.Qh4+ Kg8  1/2-1/2

[Event "BL2-W9899"]
[Site "Germany"]
[Date "1999.03.07"]
[Round "7.1"]
[White "Telljohann, Sven"]
[Black "Bastian, Herbert"]
[Result "0-1"]
[WhiteElo "2413"]
[BlackElo "2409"]

1.Nf3 Nf6 2.c4 g6 3.g3 Bg7 4.Bg2 O-O 5.O-O d6 6.Nc3 Nc6 7.Rb1 Bf5 8.d3 Qd7
9.Bg5 h6 10.Bxf6 Bxf6 11.Nd5 Bg7 12.b4 e5 13.b5 Nd8 14.Nd2 c6 15.bxc6 bxc6
16.Nc3 Be6 17.Qa4 Rc8 18.Qa6 f5 19.Rb3 Qf7 20.Rfb1 Rc7 21.Qa5 Nb7 22.Qa3 e4
23.dxe4 f4 24.Nd1 Nc5 25.Rf3 g5 26.Ne3 Qg6 27.Nf5 Nxe4  0-1

[Event "Victor Ciocaltea Memorial"]
[Site "Bucharest"]
[Date "1999.03.09"]
[Round "6"]
[White "Marin, Mihail"]
[Black "Vajda, Levente"]
[Result "1-0"]
[WhiteElo "2527"]
[BlackElo "2484"]

1.Nf3 Nf6 2.c4 g6 3.g3 Bg7 4.Bg2 O-O 5.O-O d6 6.d4 Nbd7 7.Nc3 e5 8.e4 exd4
9.Nxd4 Re8 10.h3 a6 11.Re1 Rb8 12.Rb1 Ne5 13.b3 c5 14.Nc2 Nc6 15.f4 Nd4 16.Be3 Qa5
17.b4 cxb4 18.Nxb4 Ne6 19.Qxd6 Bf8 20.Qb6 Qa3 21.Nbd5 Nxd5 22.Nxd5 Bg7 23.Qb3 Qxb3
24.axb3 b5 25.f5 gxf5 26.exf5 Nd8 27.Bf4  1-0

[Event "Victor Ciocaltea Memorial"]
[Site "Bucharest"]
[Date "1999.03.15"]
[Round "12"]
[White "Rogozenko, Dorin"]
[Black "Vajda, Levente"]
[Result "1-0"]
[WhiteElo "2557"]
[BlackElo "2484"]

1.Nf3 Nf6 2.c4 g6 3.g3 Bg7 4.Bg2 O-O 5.O-O d6 6.d4 Nbd7 7.Nc3 e5 8.e4 exd4
9.Nxd4 Re8 10.h3 a6 11.Re1 Rb8 12.Rb1 Ne5 13.b3 Nfd7 14.f4 Nc6 15.Be3 Nf8
16.Qd2 Ne6 17.Nde2 Ne7 18.Ba7 Ra8 19.Bf2 Rb8 20.Rbd1 b5 21.c5 dxc5 22.Qxd8 Nxd8
23.Bxc5 Bb7 24.Rd7 Nec6 25.Bf2 Ne6 26.f5 Ng5 27.Rxc7 Ne5 28.Nd4 Nd3 29.Rd1 Nxf2
30.Kxf2 Red8 31.Nc6 Bxc6 32.Rxd8+ Rxd8 33.Rxc6 Rd2+ 34.Ne2 Bd4+ 35.Ke1 Rxa2
36.h4 Be3 37.Rd6 Ra1+ 38.Rd1 Bf2+ 39.Kd2 Be3+ 40.Kc2  1-0

[Event "Spring Festival 15th"]
[Site "Budapest"]
[Date "1999.03.17"]
[Round "1"]
[White "Ormos, Gaszton"]
[Black "Rat, Dan"]
[Result "0-1"]
[WhiteElo "2100"]
[BlackElo "2303"]

1.Nf3 Nf6 2.c4 g6 3.g3 Bg7 4.Bg2 O-O 5.O-O c5 6.Nc3 d5 7.cxd5 Nxd5 8.Qb3 Nb6
9.d3 Be6 10.Qc2 Nc6 11.Bd2 Rc8 12.Rad1 Nd4 13.Qb1 Nd5 14.Rfe1 Nxf3+ 15.Bxf3 Qd7
16.Nxd5 Bxd5 17.Bxd5 Qxd5 18.Bc3 Rfd8 19.e4 Qe6 20.e5 Rd5 21.Re4 Rcd8 22.f4 Qf5
23.Re3 g5 24.Kg2 gxf4 25.Rf3 Bxe5 26.Bxe5 Rxe5 27.gxf4 Re2+ 28.Kg1 Qh5 29.Rg3+ Kh8
30.Rg2 Rg8  0-1

[Event "Spring Festival 15th"]
[Site "Budapest"]
[Date "1999.03.21"]
[Round "5"]
[White "Karatorossian, David"]
[Black "Rat, Dan"]
[Result "1/2-1/2"]
[WhiteElo "2348"]
[BlackElo "2303"]

1.c4 Nf6 2.g3 g6 3.Bg2 Bg7 4.Nf3 O-O 5.O-O d5 6.cxd5 Nxd5 7.Nc3 c5 8.Qa4 Nb6
9.Qc2 Nc6 10.d3 Nb4  1/2-1/2

[Event "Novgorod op"]
[Site "Novgorod"]
[Date "1999.03.22"]
[Round "4"]
[White "Loginov, Valery A"]
[Black "Sambuev, Bator"]
[Result "1-0"]
[WhiteElo "2532"]
[BlackElo "2409"]

1.Nf3 Nf6 2.g3 g6 3.Bg2 Bg7 4.c4 O-O 5.O-O d6 6.d4 Nc6 7.Nc3 a6 8.Bg5 h6
9.Bd2 Rb8 10.Rc1 Bg4 11.d5 Bxf3 12.exf3 Ne5 13.Qe2 c5 14.f4 Ned7 15.f5 g5
16.b3 Ne5 17.f4 gxf4 18.Rxf4 b5 19.cxb5 axb5 20.Nxb5 Qd7 21.a4 Ne8 22.Rcf1 Nc7
23.Nxc7 Qxc7 24.Rh4 c4 25.Bxh6 Bxh6 26.Rxh6 Kg7 27.Qh5 Rg8 28.Rh7+ Kf8 29.Rh8 f6
30.Qh6+  1-0

[Event "Novgorod op"]
[Site "Novgorod"]
[Date "1999.03.27"]
[Round "9"]
[White "Tetradze, Natalia"]
[Black "Iljinsky, Yaroslav"]
[Result "1-0"]
[WhiteElo "2090"]
[BlackElo "2340"]

1.Nf3 Nf6 2.c4 g6 3.g3 Bg7 4.Bg2 O-O 5.O-O d6 6.d4 Nc6 7.Nc3 Bg4 8.h3 Bxf3
9.Bxf3 Nd7 10.e3 f5 11.Rb1 e5 12.d5 Na5 13.Be2 b6 14.b4 Nb7 15.Qc2 a6 16.Na4 Qe7
17.e4 Nd8 18.Bd2 f4 19.Rb3 Bh6 20.c5 b5 21.cxd6 cxd6 22.Nb2 Nf7 23.Bg4 Nf6
24.Be6 Kg7 25.Rc3 Ra7 26.Bxf7 Rxf7 27.g4 Nd7 28.f3 Qh4 29.Be1 Qxh3 30.Qg2 Qxg2+
31.Kxg2 Bg5 32.Bf2 Ra8 33.Nd3 Bd8 34.Rc6 Be7 35.Rfc1 Bf8 36.R1c3 a5 37.Rc8 Ra6
38.R3c6 Rxc6 39.dxc6 axb4 40.cxd7 Rxd7 41.Nxb4 h5 42.gxh5 gxh5 43.Nd5 Kf7
44.Rc7 Ke6 45.Rxd7 Kxd7 46.Kh3 Be7 47.Bh4 Bf8 48.Bg5 Kc6 49.Kh4 Kc5 50.Kxh5 Kc4
51.Bd8 Kd3 52.Ba5 Ke2 53.Kg4 Kd3 54.Bb4 Kc4 55.a3 Kd3 56.Nc7 Kc4 57.Ne8  1-0

[Event "Mar del Plata op 30th"]
[Site "Mar del Plata"]
[Date "1999.04.02"]
[Round "7"]
[White "Szmetan, Jorge"]
[Black "Sevillano, Daniel"]
[Result "1-0"]
[WhiteElo "2403"]
[BlackElo "2250"]

1.Nf3 Nf6 2.c4 g6 3.g3 Bg7 4.Bg2 O-O 5.O-O c6 6.d4 d5 7.Qb3 Qb6 8.Nc3 dxc4
9.Qxc4 Na6 10.b3 Be6 11.Qd3 Rad8 12.Ba3 Rfe8 13.h3 Qa5 14.Bb2 Nb4 15.Qd2 c5
16.a3 cxd4 17.axb4 dxc3 18.Qxc3 Qb6 19.Qc5 Ne4 20.Qxb6 axb6 21.Bxg7 Kxg7
22.Ra7 Bxb3 23.Rxb7 Rd6 24.Rc1 e5 25.Ne1 Nf6 26.Bc6 Red8 27.f3 Rc8 28.b5 Ba4
29.Ra1 Rd4 30.Rxb6  1-0

[Event "Mar del Plata op 30th"]
[Site "Mar del Plata"]
[Date "1999.04.02"]
[Round "7"]
[White "Forestani, Andres"]
[Black "Peralta, Fernando"]
[Result "1-0"]
[WhiteElo "2250"]
[BlackElo "2433"]

1.Nf3 Nf6 2.g3 g6 3.Bg2 Bg7 4.c4 O-O 5.Nc3 d6 6.O-O e5 7.d3 Nc6 8.Bg5 h6
9.Bxf6 Bxf6 10.Nd5 Bg7 11.Rb1 a5 12.a3 Ne7 13.Nd2 Nf5 14.e3 Be6 15.Qe2 c6
16.Nc3 a4 17.Rfd1 d5 18.cxd5 cxd5 19.Nf3 Ne7 20.d4 e4 21.Ne1 Nf5 22.Nc2 Nd6
23.Nb4 Qa5 24.Rbc1 Rfc8 25.f3 f5 26.fxe4 fxe4 27.Bf1 h5 28.Qg2 Bh6 29.Re1 Rc7
30.Kh1 Rac8 31.Qd2 Bg5 32.h4 Bh6 33.Qh2 Nc4 34.Bxc4 Rxc4 35.g4 hxg4 36.Qe5 Bf7
37.Rf1 Qd8 38.Qg3 Be6 39.Rc2 Qc7 40.Qxc7 R4xc7 41.Re2 Rxc3 42.bxc3 Rxc3 43.Nc2 Rb3
44.Kg2 Kg7 45.Kg3 Bd7 46.Rfe1 Kg8 47.Rf2 Kg7 48.Rh2 Be6 49.h5 gxh5 50.Rxh5 Rc3
51.Rh2 Bg5 52.Rb1 Bxe3 53.Rxb7+ Kf6 54.Nxe3 Rxe3+ 55.Kg2 Rxa3 56.Rh6+ Kf5
57.Rb6 Ra2+ 58.Kg1 Ra1+ 59.Kf2 Ra2+ 60.Ke1 Ra1+ 61.Kd2 g3 62.Rbxe6 g2 63.Rhg6 g1=Q
64.Ref6+  1-0

[Event "Mar del Plata op 30th"]
[Site "Mar del Plata"]
[Date "1999.04.04"]
[Round "9"]
[White "Giardelli, Sergio C"]
[Black "Sevillano, Daniel"]
[Result "1-0"]
[WhiteElo "2437"]
[BlackElo "2250"]

1.c4 Nf6 2.Nf3 g6 3.g3 Bg7 4.Bg2 O-O 5.Nc3 d5 6.cxd5 Nxd5 7.O-O Nxc3 8.bxc3 e5
9.Rb1 Nc6 10.Ne1 Re8 11.d3 Qd7 12.Nc2 Rb8 13.Nb4 Nxb4 14.cxb4 a6 15.Qc2 Qd8
16.a4 c6 17.Be3 Be6 18.Rfc1 Bd5 19.b5 cxb5 20.Bxd5 Qxd5 21.axb5 Bf8 22.Qa4 Ra8
23.Rc7 Bd6 24.Rd7 Re7 25.bxa6 Rxa6 26.Rd8+ Kg7 27.Qh4  1-0

[Event "Dreifluesse op 7th"]
[Site "Passau"]
[Date "1999.04.04"]
[Round "5"]
[White "Peuchert, Wolfgang"]
[Black "Hirmer, Guenter"]
[Result "1/2-1/2"]
[WhiteElo "1600"]
[BlackElo "1698"]

1.Nf3 Nf6 2.c4 g6 3.g3 Bg7 4.Bg2 O-O 5.O-O d6 6.Nc3 e5 7.b4 Nbd7 8.Ba3 Nb6
9.d3 c6 10.Rb1 Nbd7 11.Qb3 Kh8 12.b5 c5 13.Nd2 Nb6 14.Bc1 Nbd7 15.a4 Rb8
16.Nde4 Nxe4 17.Nxe4 Qe7 18.Nc3 Nf6 19.Bg5 Be6 20.Nd5 Bxd5 21.Bxd5 h6 22.Bxf6 Qxf6
23.a5 Qe7 24.b6 a6 25.Qc2 f5 26.f3 f4 27.Kg2 Rfe8 28.Be4 g5 29.g4 Bf6 30.Rh1 Kg7
31.Qa4 Red8 32.Bf5 Kf7 33.h3 Kg7 34.Kf2 d5 35.cxd5 Rxd5 36.Qc4 Rd4 37.Qe6 Ra4
38.Qxe7+ Bxe7 39.Ra1 Rb4 40.Be4 Kf7 41.Rhc1 Ke6 42.Kf1 Rb2 43.Ke1 Bd6 44.Rcb1 Rb5
45.Kd1 Rb4 46.Kc2 Rxe4 47.fxe4 Rh8 48.Kb3 h5 49.gxh5 Rxh5 50.Rh1 Be7 51.Kc4 Rh8
52.Ra4 g4 53.Raa1 g3 54.Rag1 Rd8 55.Kc3 Bh4 56.Rg2  1/2-1/2

[Event "Dreifluesse op 7th"]
[Site "Passau"]
[Date "1999.04.04"]
[Round "5"]
[White "Lippmann, Hans Georg"]
[Black "Schopf, Martin"]
[Result "1/2-1/2"]
[WhiteElo "1900"]
[BlackElo "2165"]

1.c4 Nf6 2.Nf3 g6 3.g3 Bg7 4.Bg2 O-O 5.O-O d6 6.Nc3 c5 7.d3 Nc6 8.Rb1 Rb8
9.a3 Nd7 10.Bd2 a5 11.Qc2 b6 12.b3 Bb7 13.e4 Nde5 14.Ne2 Nxf3+ 15.Bxf3 Nd4
16.Nxd4 Bxd4 17.Bg2 Qd7 18.Bc3 Bxc3 19.Qxc3 e5 20.Qd2 f6 21.f4 f5 22.a4 Qg7
23.Rbe1 exf4 24.Rxf4 Qd4+ 25.Kh1 fxe4 26.Bxe4 Rxf4 27.gxf4 Bxe4+ 28.Rxe4 Qf6
29.Qe3 Rf8 30.Re6 Qd8 31.Re7 Qa8+ 32.Kg1 Qc8 33.Qe6+ Qxe6 34.Rxe6 Rd8 35.Re7 d5
36.Rb7 dxc4 37.dxc4 Rd6 38.Kf2 h5 39.Ke2 Kf8 40.Ke3 Re6+ 41.Kf3  1/2-1/2

[Event "Mitropa Cup"]
[Site "Baden"]
[Date "1999.04.05"]
[Round "5"]
[White "Konopka, Michal"]
[Black "Manik, Mikulas"]
[Result "1-0"]
[WhiteElo "2480"]
[BlackElo "2478"]

1.Nf3 Nf6 2.c4 g6 3.g3 Bg7 4.Bg2 O-O 5.d4 d6 6.O-O Nc6 7.Nc3 a6 8.b3 Rb8
9.Nd5 Nh5 10.Bb2 e6 11.Ne3 f5 12.Qd2 f4 13.Nd1 e5 14.dxe5 dxe5 15.Qd5+ Qxd5
16.cxd5 Nd4 17.Nxd4 exd4 18.Rc1 Bg4 19.f3 Bd7 20.g4 Nf6 21.Rxc7 Rf7 22.d6 Ne8
23.Rc2 Nxd6 24.Nf2 Nb5 25.Ne4 Bc6 26.Rd1 Rd8 27.g5 Rf5 28.h4 Rfd5 29.Bh3 d3
30.exd3 Rxd3 31.Rxd3 Rxd3 32.Be6+ Kh8 33.Nf6 Nd4 34.Bxd4 Rxd4 35.Kg2 Bxf6
36.gxf6 Rd3 37.Rf2 h6 38.a4 Re3 39.Bc4 b5 40.axb5 axb5 41.Bf7 g5 42.hxg5 hxg5
43.Bh5 Re6 44.f7 Rf6 45.Rd2 Kg7 46.Rd8 g4 47.Rg8+ Kh6 48.f8=Q+ Rxf8 49.Rxf8 Bxf3+
50.Kf2 Kxh5 51.Rxf4 Kg5 52.Kg3 Bd1 53.Rb4 Be2 54.Re4 Bd1 55.Re5+ Kf6 56.Rxb5 Ke6
57.b4 Kd6 58.Rc5 Be2 59.Kf4 Bd1 60.Rc1 Bf3 61.Rc2 Kd7 62.b5 Kd6 63.b6 Kd7
64.Rc7+ Kd8 65.Kg3 Bd1 66.Rc1 Bf3 67.Rc3 Kd7 68.Kf4 Kd6 69.Rc7 Bd1 70.Rg7  1-0

[Event "Neckar op 3rd"]
[Site "Deizisau"]
[Date "1999.04.05"]
[Round "8"]
[White "Haub, Thorsten Michael"]
[Black "Szenetra, Werner"]
[Result "1-0"]
[WhiteElo "2388"]
[BlackElo "2228"]

1.Nf3 Nf6 2.g3 g6 3.Bg2 Bg7 4.c4 O-O 5.O-O d6 6.Nc3 c6 7.d3 a5 8.a3 Nbd7
9.Rb1 Ng4 10.Bd2 Nge5 11.Ne1 f5 12.b4 axb4 13.axb4 Nf6 14.b5 Bd7 15.Nc2 e6
16.Nd4 Ne8 17.bxc6 bxc6 18.Rb7 Rb8 19.Qb3 Rxb7 20.Qxb7 Rf7 21.Qa6 Qc7 22.Rb1 d5
23.cxd5 exd5 24.Nb3 Bc8 25.Qa5 Qxa5 26.Nxa5 Ra7 27.Nxc6 Nxc6 28.Bxd5+ Kf8
29.Bxc6 Rc7 30.Bxe8 Kxe8 31.Nb5 Rc2 32.Bf4 Bd7 33.e3 Bb2 34.Nd6+ Ke7 35.Nc4 Bc3
36.Be5 Bc6 37.Na3  1-0

[Event "Hampstead GM 5th"]
[Site "London"]
[Date "1999.04.09"]
[Round "3"]
[White "McNab, Colin Anderson"]
[Black "Gullaksen, Eirik T"]
[Result "1-0"]
[WhiteElo "2418"]
[BlackElo "2367"]

1.Nf3 Nf6 2.c4 g6 3.g3 Bg7 4.Bg2 O-O 5.O-O d6 6.d4 Nc6 7.d5 Na5 8.Nbd2 c5
9.e4 e5 10.b3 Ne8 11.Ne1 f5 12.Nd3 f4 13.gxf4 exf4 14.Rb1 g5 15.e5 Bf5 16.Ne4 Bxe5
17.Nxe5 dxe5 18.Bb2 Nd6 19.Re1 Nf7 20.Nxc5 Bxb1 21.Qxb1 Re8 22.Be4 Qf6 23.Bxh7+ Kg7
24.Nd7 Qd6 25.Qf5 Nh6 26.Qxg5+ Kh8 27.Rxe5 Rxe5 28.Bxe5+ Qxe5 29.Nxe5 Kxh7
30.Qg6+  1-0

[Event "Hampstead GM 5th"]
[Site "London"]
[Date "1999.04.11"]
[Round "5"]
[White "McNab, Colin Anderson"]
[Black "Bekker Jensen, Simon"]
[Result "1-0"]
[WhiteElo "2418"]
[BlackElo "2360"]

1.c4 Nf6 2.Nf3 g6 3.g3 Bg7 4.Bg2 O-O 5.O-O d6 6.d4 c6 7.b3 a6 8.Bb2 Nbd7
9.Qc2 Re8 10.Rd1 Qa5 11.Nc3 b5 12.c5 Qc7 13.cxd6 exd6 14.Ng5 Nb6 15.Rac1 Bb7
16.h4 h6 17.Nge4 Ng4 18.Qd3 b4 19.Nb1 a5 20.Qf3 f5 21.Ned2 a4 22.a3 bxa3
23.Nxa3 d5 24.h5 Ba6 25.Re1 Qd6 26.e4 Qb4 27.Nab1 dxe4 28.Nxe4 Bxd4 29.Bxd4 Qxd4
30.Rxc6 Ne5 31.Nf6+ Kh8 32.Rxe5 Rxe5 33.Rxb6 Rf8 34.Rxa6 Rxf6 35.Rxa4 Qd6
36.Nc3 Rc5 37.Ra8+ Kg7 38.Ra7+ Rf7 39.Rxf7+ Kxf7 40.hxg6+  1-0

[Event "St Quentin op"]
[Site "St Quentin"]
[Date "1999.04.17"]
[Round "1"]
[White "Chiche, Jonathan"]
[Black "Te, Roza"]
[Result "1/2-1/2"]
[WhiteElo "2051"]
[BlackElo "2280"]

1.c4 Nf6 2.Nf3 g6 3.g3 Bg7 4.Bg2 O-O 5.O-O d6 6.Nc3 Nc6 7.Rb1 Bg4 8.d3 Qd7
9.Re1 Bh3 10.Bh1 Nh5 11.Bd2 e5 12.b4 h6 13.b5 Ne7 14.Nd5 Nxd5 15.cxd5 f5
16.Rb4 f4 17.Qc1 Kh7 18.Rc4 Rac8 19.Nh4 Nf6 20.Ra4 Qf7 21.Rxa7 g5 22.Nf3 Nxd5
23.Qc4 fxg3 24.hxg3 Kh8 25.e4 Be6 26.exd5 Bxd5 27.Qg4 Bxf3 28.Bxf3 Qxf3 29.Qxf3 Rxf3
30.Rxb7 Rxd3 31.Ba5 Ra8 32.Bxc7 Rxa2 33.Rc1 Rdd2 34.Bb6 Rac2 35.Ra1 Ra2 36.Rc1 Rac2  1/2-1/2

[Event "Dubai op"]
[Site "Dubai"]
[Date "1999.05.04"]
[Round "4"]
[White "Akopian, Vladimir"]
[Black "Kuzmin, Alexey"]
[Result "1-0"]
[WhiteElo "2640"]
[BlackElo "2559"]

1.Nf3 Nf6 2.c4 g6 3.g3 Bg7 4.Bg2 O-O 5.O-O d6 6.Nc3 a6 7.d4 Nc6 8.b3 Rb8
9.Nd5 Nh5 10.Bb2 e6 11.Ne3 Ne7 12.Rc1 Bd7 13.c5 Bh6 14.cxd6 cxd6 15.Rc2 Bc6
16.Ng4 Bg7 17.Ne1 Bxg2 18.Nxg2 f5 19.N4e3 d5 20.Ba3 Re8 21.Ne1 Nc6 22.Nf3 Nf6
23.Ne5 Nxe5 24.dxe5 Nd7 25.Bd6 Rc8 26.Rxc8 Qxc8 27.f4 Qc6 28.Nc2 Bf8 29.Nd4 Qb6
30.Bxf8 Kxf8 31.e3 Nb8 32.Qd2 Nc6 33.Rc1 Ke7 34.Nxc6+ bxc6 35.b4 Kd7 36.Rc5 Rb8
37.a3 Qc7 38.Ra5 Qa7 39.Qd4 Qxd4 40.exd4 Rb6 41.Kg2 Ke7 42.Kh3 Kf7 43.Kh4 h6
44.Rc5 Ke7 45.h3 Kd7 46.Ra5 Ke8 47.g4 Kd8 48.Kg3 Kc7 49.gxf5 exf5 50.h4 h5
51.Kf3 Kd7 52.Ke2 Ke7 53.Rc5 Kd7 54.Kd3 Kc7 55.Ra5 Kb7 56.Kc2 Kc7 57.Kb3 Kd7
58.Ka4 Kc7 59.Rc5 Rb8 60.Rc3 Re8 61.Ka5 Kb7 62.a4 Re6 63.Rc5 Re8 64.b5 axb5
65.axb5 Ra8+ 66.Kb4 Ra1 67.Rxc6 Rd1 68.Kc5  1-0